| 000 | 00981nam a2200301 i 4500 | ||
|---|---|---|---|
| 001 | bg | ||
| 100 | 1 | _aGONTARZ, Andrzej | |
| 245 | 1 | 0 |
_aTechnologia kształtowania i modelowanie nowego procesu wytwrzania wkrętów szynowych / _cAndrzej Gontarz [et al.] ; Politechnika Lubelska. |
| 260 |
_aLublin : _bWydawnictwa Uczelniane PL, _c2003. |
||
| 300 |
_a328 s. : _bil. ; _c24 cm. |
||
| 500 | _aStreszcz. pol., ang., franc. | ||
| 504 | _aBibliogr. | ||
| 650 | 9 |
_aWkręty szynowe _xtechnologia |
|
| 650 | 9 |
_aKucie matrycowe _xtechnologia |
|
| 650 | 9 |
_aKucie matrycowe _xteoria |
|
| 650 | 9 |
_aWalcowanie _xtechnologia |
|
| 650 | 9 |
_aWalcowanie _xteoria |
|
| 650 | 9 |
_aNaprężenia i odkształcenia _xbadanie |
|
| 700 | 1 | _aGONTARZ, Andrzej | |
| 710 | 0 | _aPolitechnika Lubelska | |
| 020 | _a8389246414 | ||
| 040 | _cBPK | ||
| 041 | 0 |
_apol _benffra |
|
| 080 | _a621.73/.77:621.88:539.3/.5 | ||
| 920 | _a83-89246-41-4 | ||
| 942 | _cKS | ||
| 008 | s pl f |000 0 pol | ||
| 999 |
_c43751 _d43751 |
||
| 856 |
_uhttp://koha.tu.koszalin.pl/cgi-bin/koha/opac-detail.pl?biblionumber=43751 _yKatalog online BPK |
||